000 00276nam a22001337a 4500
008 170227b xxu||||| |||| 00| 0 eng d
020 _a0892784008
041 _aeng
080 _a577
100 _a5
101 _aSHMB
245 _aBIOCHEMISTRY
_cRAWN, J.D
942 _2udc
_cBK
999 _c6360
_d6360